Artists / Singers by their Songs #7 - Statistics

General Stats
  • This quiz has been taken 277 times
  • The average score is 5 of 10
Answer Stats
Hint Answer % Correct
Forgot About Dre / I Need a Doctor / California Love / Nuthin' but a 'G' Thang Dr. Dre
71%
Genie in a Bottle / Lady Marmalade / Dirrty / Beautiful Christina Aguilera
70%
Creep / Karma Police / No Surprises / Fake Plastic Trees Radiohead
70%
Ordinary People / All of Me / Love Me Now / Beauty and the Beast John Legend
65%
Ring of Fire / A Boy Named Sue / Hurt / I Walk the Line Johnny Cash
64%
Respect / I Say a Little Prayer / A Rose Is Still a Rose / Baby I Love You Aretha Franklin
60%
Bailamos / Hero / I Like It / Bailando Enrique Iglesias
55%
(You Gotta) Fight for Your Right (To Party!) / No Sleep till Brooklyn / Intergalactic / Ch-Check It Out Beastie Boys
45%
Try Again / Are You That Somebody / One in a Million / Back & Forth Aaliyah
18%
How Do I Live / Can't Fight the Moonlight / Life Goes On / I Need You LeAnn Rimes
16%
No matching quizzes found
Score Distribution
Percent of People with Each Score
Percentile by Number Answered
Your Score History
You have not taken this quiz